MDQL
is popping MORE tags! Check the
thread
!
Quizzes
Events
Quiz Creation
Community
Videos
Private Events
Remove Ads
Sign In
Join for FREE
Feedback
Dark Mode
Quiz Categories
Sports
Geography
Music
Movies
Television
Just For Fun
Miscellaneous
History
Literature
Language
Science
Gaming
Entertainment
Religion
Holiday
For Kids
Quiz Lab
Recent
Popular Today
Quiz Kudos Today
Editor Picks
Curator Picks
Quizzes by...
Day
Popularity
Type
Ratings
Length
Year
Community
Subscriptions
Recent Discussions
Orange Saloon
Badges
Playlists
Quests
Create
Leaderboards
Showdown
Live 5
Trivia Bingo
Activity
Puzzle Library
Sporcle Events
Private Events
Virtual Trivia
Globe League
Become a Host
Pub Owners
SporcleCon
Opinionation
Our Games
Videos
Blog
Mobile Apps
Partnerships
Remove Ads and Go Orange
Feedback
Sports
Athletes
MLB
NBA
NHL
NFL
Soccer
Sports Teams
WWE
NCAA
Football
Premier League
Basketball
Baseball
Hockey
Golf
Tennis
Cricket
Rugby
Auto Racing
Olympics
World Cup
Sports
Athletes
MLB
NBA
NHL
NFL
Soccer
Sports Teams
WWE
NCAA
Football
Premier League
Basketball
Baseball
Hockey
Golf
Tennis
Cricket
Rugby
Auto Racing
Olympics
World Cup
Random Quiz
Search Sporcle
×
Quiz Lab
Quiz Lab
Sports
WWE
Type in answers that appear in a list
Type in answers that appear in a list
Classic
Best Score? Go Orange.
WWE Most Overall Time Wrestled At Survivor Series Stats
Can you name the WWE Most Overall Time Wrestled At Survivor Series?
By
yankeesgiants25
10m
54 Questions
1,212 Plays
1,212 Plays
1,212 Plays
Comments
Comments
Give Quiz Kudos
Give Quiz Kudos
-
- Ratings
hide this ad
Replay
Link that replays current quiz
Next Quiz
Link to next quiz in quiz playlist
You Got
0%
They Got
Avg Score
60%
Avg Friend Score
Upgrade to see
Score Distribution
Jump to the score distribution portion of the page
Score
0/54
Timer
10:00
0
Plays Today
Time
Superstar
% Correct
249:10
Undertaker
97%
251:16
Triple H
96.5%
401:58
Shawn Michaels
96.3%
269:06
Kane
94.7%
134:14
John Cena
93.3%
203:21
Randy Orton
92.6%
115:23
Hulk Hogan
91%
308:13
Bret Hart
90.2%
141:19
Owen Hart
88.4%
172:16
The Rock
87.9%
116:23
Stone Cold Steve Austin
87%
118:22
Edge
85.1%
106:56
Batista
82.1%
197:29
Chris Jericho
80.8%
92:38
Christian
79.5%
130:56
Macho Man Randy Savage
79%
201:38
Big Show
78.4%
126:41
Kurt Angle
77%
92:52
Chris Benoit
75.7%
149:03
Rey Mysterio
73.9%
121:04
Demolition Ax
73.8%
155:03
Booker T
72%
91:40
CM Punk
70.8%
113:41
JBL
66.9%
138:18
Ted Dibiase Sr
66.6%
209:47
Davey Boy Smith
65.2%
127:57
Ray Traylor
64.5%
Time
Superstar
% Correct
146:41
Demolition Smash
62.6%
108:06
Billy Gunn
60.2%
92:36
Scott Hall
59.2%
92:14
The Miz
57.8%
124:09
Rob Van Dam
57.2%
96:52
Mark Henry
55.6%
97:22
Dolph Ziggler
50.8%
153:06
Jim Neidhart
50.2%
157:55
Tito Santana
48.3%
123:01
Jake Roberts
46.6%
101:03
Kofi Kingston
46.1%
134:42
Rick Martel
43.2%
185:39
Marty Jannetty
41.2%
106:36
Hacksaw Jim Duggan
38.6%
101:25
John Tenta
38.2%
101:27
Haku
36.1%
123:06
Greg Valentine
34.9%
119:21
The Warlord
34.4%
106:18
The Barbarian
34.2%
133:46
Ray Fernandez
32.6%
92:03
MVP
32%
151:26
Jacques Rougeau Jr
27.8%
106:01
Paul Roma
25.7%
105:17
Dino Bravo
25%
100:39
Raymond Rougeau
23.3%
90:04
Nikolai Volkoff
16.7%
90:04
Boris Zhukov
8.9%
Quiz Playlist
Details
Report
Send in Message
Add To Playlist
Classic:
Type in answers that appear in a list
Quiz Source
Last Updated: Feb 16, 2017
Quiz Scoreboard
CHALLENGE
Sign Up to Join the Scoreboard
Show All
Scores
Hide
Comments
May contain spoilers
Recently Published
Find the 'City' Movie
by crazypaving
Movies
60s
5x2 Blitz: Bands
by SL_Kpop136
Music
30s
Colored Red Africa Blitz
by spor1
Geography
30s
More to Explore
Quiz From the Vault
Featured Blog Post
14 Easter Pick-up Lines to Find Eggs With
hide this ad
You Might Also Like...
Tags
WWE Quiz
Overall
Superstar
Survivor
Wrestled
Today's Top Quizzes in Sports
Browse Sports
hide this ad
Today's Top Quizzes in WWE
Browse WWE
Top Contributed Quizzes in Sports
1
Players with Multiple 50 Home Run Seasons
2
Who Needs Fielders?
3
Criteria MLB: Left Handed Sluggers
4
MLB Players with Two .350 Batting Average Seasons
5
Who Hit More Homers?
6
2020 F1 Drivers Logic Puzzle
7
NBA Teammate Connections
8
Premier League Clubs since 2000 (minefield)
9
MLB Teams by First Game
10
Top 10 NHL Goal Scorers of All Time
Explore More
Trending Topics
Anime
Disney
Harry Potter
NBA
Crossword
Marvel
Kpop
Soccer
WWE
NFL
Puzzle
Country
Song
Pokémon
The Office
hide this ad
More By:
yankeesgiants25
Quiz
Plays
Rating
Category
Featured
Created
WWE Chain Game 2
29,297
1.70
Sports
Jan 19, 2013
Nickelodeon Or Cartoon Network?
6,194
3.27
Television
Jun 13, 2012
WWE Top 25 Matches Of 2012
4,571
4.12
Sports
Dec 27, 2012
Pro Wrestling Top 50 Wrestlers of All Time
2,961
3.67
Sports
Jan 9, 2013
MLB 10 Most Valuable Baseball Cards Ever
2,360
3.14
Sports
May 27, 2012
Go to Creator's Profile
Score Distribution
Quiz Creator Spotlight
yankeesgiants25
Follow
Send a Message
Quizzes Created
-
Created Quiz Play Count
-
More By This Creator
Popular Quizzes Today
1
5x2 Blitz: Bands
2
Find the 'City' Movie
3
Colored Red Africa Blitz
4
Find the US States - No Outlines Minefield
5
The Countries of the World
6
Find the US States
7
9x9 Crossword: Cartoon Network
8
US States
More Sports Quizzes
FIFA World Cup Goalscorers 2018
Quiz Lab
Trending Quizzes
Colored Red Africa Blitz II
Colored Red Europe Blitz I
Christmas Pick: Judaism
Colored Red Africa Blitz III
Colored Red Europe Blitz II
Recently Updated
Champions League XIs: Real Madrid
pecheneg
Largest US Cities 1790-2010
pecheneg
Rides in Walt Disney World
pecheneg
Most Oscar Losses (Acting)
pecheneg
Beyoncé Albums
pecheneg
Leaping Animals
pecheneg
Reality TV Shows (A-Z)
bhenderson79
Rickey Henderson's Hall of Fame Teammates
pecheneg
Champions League XIs: Arsenal
pecheneg
Quick Pick: Celebrities in WWE's Hall of Fame
aduchscher
Trending Topics
Kpop
Crossword
Marvel
NBA
Disney
Anime
Harry Potter
Puzzle
The Office
WWE
Country
Soccer
Song
Pokémon
NFL
Your Account Isn't Verified!
In order to create a playlist on Sporcle, you need to verify the email address you used during registration. Go to your
Sporcle Settings
to finish the process.
Report this User
Report this user for behavior that violates our
Community Guidelines
.
Details:
Send Report
Go to the Sporcle.com Mobile Site →
Comments